[Event "8th ch-Euro"]
[Site "Dresden GER"]
[Date "2007.04.05"]
[Round "3"]
[White "Brener,I"]
[Black "Siedentopf,D"]
[Result "1-0"]
[WhiteElo "2413"]
[BlackElo "2178"]
[EventDate "2007.04.03"]

1. d4 f5 2. g3 Nf6 3. Bg2 g6 4. Nh3 Bg7 5. c3 Nc6 6. Nf4 e5 7. dxe5 Nxe5 8.
Be3 c6 9. h4 Nf7 10. Bd4 O-O 11. Nd2 Re8 12. O-O Qe7 13. e3 d6 14. c4 Ne5
15. Qc2 Qf7 16. b4 Bd7 17. Rfd1 h6 18. Nh3 Ne4 19. Rac1 Be6 20. Bxe5 Bxe5
21. Nf4 Bxf4 22. exf4 d5 23. Nf3 Qg7 24. Nd4 Bf7 25. h5 Rad8 26. hxg6 Bxg6
27. c5 a6 28. Qd3 Qf6 29. Re1 h5 30. Nf3 Rd7 31. Qd4 Qxd4 32. Nxd4 h4 33.
gxh4 Rh7 34. f3 Nf6 35. Rxe8+ Nxe8 36. Re1 Ng7 37. Re7 Nh5 38. Rxh7 Bxh7
39. Ne6 Kf7 40. Nd8+ Ke7 41. Nxb7 Nxf4 42. Bf1 d4 43. Na5 Kd7 44. Bxa6 Bg6
45. Bb7 d3 46. Bxc6+ Kc7 47. Ba4 Ne2+ 48. Kf2 Nc3 49. Bb3 d2 50. Ke3 d1=Q
51. Bxd1 Nxd1+ 52. Kd2 Nf2 53. b5 f4 54. b6+ Kc8 55. Nc6 Bb1 56. Nb4 Kb7
57. a4 Bg6 58. a5 Bh5 59. c6+ Kc8 60. b7+ 1-0

[Event "8th ch-Euro"]
[Site "Dresden GER"]
[Date "2007.04.05"]
[Round "3"]
[White "Khmelniker,I"]
[Black "Godoj,V"]
[Result "1-0"]
[WhiteElo "2411"]
[BlackElo "2113"]
[EventDate "2007.04.03"]

1. d4 d5 2. Nf3 e6 3. c4 c6 4. g3 f5 5. Bg2 Nf6 6. O-O Bd6 7. b3 Qe7 8. Bb2
O-O 9. Nbd2 Bd7 10. Ne5 Be8 11. Qc2 Ne4 12. Ndf3 Bh5 13. Nd3 Nd7 14. Nfe5
Rad8 15. e3 Kh8 16. f3 Nef6 17. c5 Bc7 18. Bc3 Nxe5 19. dxe5 Nd7 20. Bd4 g5
21. b4 a6 22. a4 Ra8 23. Rab1 Bg6 24. f4 gxf4 25. exf4 Rfc8 26. h3 Bh5 27.
Kh2 Bd8 28. Qf2 Rcb8 29. Rfc1 Nf8 30. Rb3 Be8 31. Rcb1 Rc8 32. Bf1 Ng6 33.
Ne1 Kg8 34. Bd3 Qf7 35. Nf3 h6 36. Be3 Kh8 37. Nd4 Be7 38. Rg1 Bd7 39. Qb2
Rc7 40. Nxf5 exf5 41. e6+ Bf6 42. exf7 Bxb2 43. Rxb2 Kg7 44. g4 Kxf7 45.
Bd4 Rg8 46. gxf5 Nh4 47. Rxg8 Kxg8 48. Be5 Rc8 49. f6 Kf7 50. Be2 Bf5 51.
b5 cxb5 52. axb5 Rxc5 53. bxa6 bxa6 54. Rb7+ 1-0

[Event "8th ch-Euro"]
[Site "Dresden GER"]
[Date "2007.04.05"]
[Round "3"]
[White "Perlitz,S"]
[Black "Butnorius,A"]
[Result "1-0"]
[WhiteElo "2141"]
[BlackElo "2402"]
[EventDate "2007.04.03"]

1. e4 c5 2. Nf3 d6 3. c3 Nf6 4. Be2 g6 5. O-O Bg7 6. Re1 O-O 7. Bf1 Nc6 8.
h3 a6 9. a4 d5 10. e5 Ne8 11. d4 cxd4 12. cxd4 Nc7 13. Ra3 Bf5 14. Nc3 Nb4
15. g4 Bd7 16. Ne2 Ne6 17. Ng5 Nxg5 18. Bxg5 Rc8 19. Rc3 f6 20. Bd2 Rxc3
21. Bxc3 Nc6 22. Qb3 e6 23. Bg2 fxe5 24. dxe5 b5 25. axb5 axb5 26. Bxd5 b4
27. Bxe6+ Bxe6 28. Qxe6+ Kh8 29. Qxc6 bxc3 30. Nxc3 Qh4 31. Qg2 Re8 32. e6
Bd4 33. Re2 Qf6 34. Qc6 Re7 35. Nd5 Qf3 36. Nxe7 Qxe2 37. Qe8+ Kg7 38. Qf7+
Kh6 39. Qf4+ 1-0

[Event "8th ch-Euro"]
[Site "Dresden GER"]
[Date "2007.04.05"]
[Round "3"]
[White "Martinovic,Sa"]
[Black "Muehle,H"]
[Result "1-0"]
[WhiteElo "2378"]
[BlackElo "1944"]
[EventDate "2007.04.03"]

1. d4 Nf6 2. c4 e6 3. Nc3 Bb4 4. e3 O-O 5. Nge2 b6 6. a3 Be7 7. Ng3 d5 8.
cxd5 exd5 9. Bd3 Re8 10. O-O c5 11. Bb5 Bd7 12. Be2 Bc6 13. Qc2 Qc7 14. Bf3
Qb7 15. Rb1 Na6 16. Rd1 Rad8 17. b3 Bf8 18. Bb2 Nc7 19. dxc5 bxc5 20. Nce2
Nd7 21. b4 c4 22. b5 Qxb5 23. Bf6 Qa5 24. Bxd8 Rxd8 25. Qc3 Qa6 26. Nd4 Ba4
27. Rd2 Nc5 28. Rdb2 Nb3 29. Nxb3 Bxb3 30. Rxb3 cxb3 31. Qxc7 Rc8 32. Qe5
Qd3 33. Rd1 Qc2 34. Qxd5 b2 35. Be4 Qc1 36. Rf1 Bxa3 37. Bb1 Bb4 38. Qe4 a5
39. Qxh7+ Kf8 40. Nf5 Ke8 41. Qg8+ Bf8 42. Nd6+ Ke7 43. Nxc8+ Qxc8 44. Ba2
Qf5 45. Rb1 Qf6 46. Qxf7+ Qxf7 47. Bxf7 Kxf7 48. Rxb2 a4 49. Rb6 a3 50. Ra6
Ke8 51. Ra8+ Kf7 52. Kf1 Bd6 53. Ke2 Ke6 54. Kd3 Kd5 55. Kc3 1-0

[Event "8th ch-Euro"]
[Site "Dresden GER"]
[Date "2007.04.05"]
[Round "3"]
[White "Richter,Mic"]
[Black "Bruned,V"]
[Result "1-0"]
[WhiteElo "2396"]
[BlackElo "1945"]
[EventDate "2007.04.03"]

1. d4 Nf6 2. Nf3 e6 3. c4 b6 4. Nc3 Ba6 5. e4 d6 6. Be2 Be7 7. O-O c5 8. e5
dxe5 9. dxe5 Qxd1 10. Rxd1 Nfd7 11. Nb5 Bxb5 12. cxb5 O-O 13. Bf4 Rd8 14.
Nd4 a5 15. Bf3 Ra7 16. Nc6 Nxc6 17. bxc6 Nf8 18. a4 Rc7 19. Rxd8 Bxd8 20.
Rd1 Rc8 21. Bg3 Bc7 22. h4 Ng6 23. Rd7 Nf8 24. Rd6 Ng6 25. Kf1 Kf8 26. Ke2
Ne7 27. Kd2 Nf5 28. Kc3 Nxg3 29. fxg3 Ke7 30. Rd7+ Ke8 31. Kc4 Bxe5 32. b3
Rc7 33. Rd3 Re7 34. Kb5 Bc7 35. Ka6 e5 36. Be4 g6 37. g4 Bd8 38. g5 Bc7 39.
Kb7 Bd8+ 40. Kb8 Rc7 41. Rd5 Re7 42. g3 h5 43. gxh6 f5 44. Bd3 e4 45. Bb5
Bc7+ 46. Kc8 Bxg3 47. Rd7 Bxh4 48. Rxe7+ Kxe7 49. h7 Bf6 50. Kb7 1-0

[Event "8th ch-Euro"]
[Site "Dresden GER"]
[Date "2007.04.05"]
[Round "3"]
[White "Gnirk,T"]
[Black "Wichmann,C"]
[Result "0-1"]
[WhiteElo "2131"]
[BlackElo "2419"]
[EventDate "2007.04.03"]

1. d4 d5 2. Nf3 Nf6 3. Bg5 Ne4 4. Bh4 c5 5. c3 Qb6 6. Qb3 Nc6 7. Qxb6 axb6
8. e3 c4 9. Nfd2 g5 10. Nxe4 gxh4 11. Ned2 e6 12. Nf3 Be7 13. Nbd2 b5 14.
b4 cxb3 15. Nxb3 b4 16. c4 O-O 17. Bd3 Ra3 18. Kd2 Bd7 19. cxd5 exd5 20.
Kc2 Na7 21. Ne5 Bb5 22. Bf5 Bc4 23. Bd7 Rd8 24. Bf5 Nb5 25. Kb2 Nc3 26.
Nxc4 dxc4 27. Nd2 Na4+ 28. Kc2 Ra8 29. Be4 Nc3 30. Nxc4 Rxa2+ 31. Rxa2
Rxa2+ 32. Kd3 Nxe4 33. Kxe4 Rxf2 34. d5 Rxg2 35. d6 Bd8 36. Ne5 b3 37. Rb1
b2 38. Nc4 Rxh2 39. Nxb2 h3 40. Nd3 Rg2 41. Nf4 Rd2 42. Nxh3 b6 43. Ke5 Rd3
44. Re1 Kg7 45. Nf4 Ra3 46. Rg1+ Kf8 47. Nd5 h5 48. Rc1 Ke8 49. Rc8 Kd7 50.
Rc2 f6+ 51. Nxf6+ Bxf6+ 52. Kxf6 Rxe3 53. Kg5 Re5+ 54. Kf4 Kxd6 55. Rc8 Rc5
56. Rh8 Kc6 57. Ke4 Kb5 58. Kd3 Kb4 59. Rh6 b5 60. Rh8 Kb3 61. Rd8 b4 62.
Kd2 Kb2 63. Rb8 Rd5+ 64. Ke3 b3 65. Rb7 Kc2 66. Rc7+ Kb1 67. Ke2 b2 68. Rc8
Ra5 0-1

[Event "8th ch-Euro"]
[Site "Dresden GER"]
[Date "2007.04.05"]
[Round "3"]
[White "Fink,L"]
[Black "Moor,R"]
[Result "1-0"]
[WhiteElo "2064"]
[BlackElo "2385"]
[EventDate "2007.04.03"]

1. e4 c5 2. Nf3 e6 3. c3 d5 4. exd5 exd5 5. d4 c4 6. Be2 Bd6 7. O-O Ne7 8.
b3 cxb3 9. axb3 O-O 10. c4 Nbc6 11. Nc3 Bg4 12. h3 Bh5 13. Re1 Bb4 14. Bb2
Re8 15. Bd3 Bg6 16. Bxg6 hxg6 17. Re2 Bxc3 18. Bxc3 Nf5 19. Rxe8+ Qxe8 20.
Qd3 Rd8 21. c5 Qe4 22. Qd2 Nh4 23. Nxh4 Qxh4 24. Re1 Qf6 25. Qd3 a6 26. Qg3
Rc8 27. b4 Qf5 28. Qd6 Qc2 29. Re3 Qf5 30. g4 Qg5 31. Qd7 Rb8 32. Rf3 Qe7
33. Qxd5 Rd8 34. Qc4 Qe6 35. Qxe6 fxe6 36. Rf4 Ne7 37. Bd2 e5 38. Re4 Nc6
39. Kf1 Rxd4 40. Rxd4 Nxd4 41. Bc3 Nc6 42. Ke2 Ne7 43. Kd3 Nd5 44. Kc4 Nxc3
45. Kxc3 Kf7 46. Kc4 Ke6 47. h4 g5 48. h5 1-0

[Event "8th ch-Euro"]
[Site "Dresden GER"]
[Date "2007.04.05"]
[Round "3"]
[White "Maiwald,JU"]
[Black "Kayser,Fe"]
[Result "1-0"]
[WhiteElo "2489"]
[BlackElo "2194"]
[EventDate "2007.04.03"]

1. g3 d5 2. Bg2 Nf6 3. d3 e5 4. Nf3 Bd6 5. O-O O-O 6. c4 c6 7. Bg5 h6 8.
Bxf6 Qxf6 9. cxd5 cxd5 10. Nc3 d4 11. Ne4 Qe7 12. a3 Nc6 13. b4 Be6 14. Qa4
a6 15. Rfc1 Bd5 16. Nfd2 Qe6 17. Nxd6 Qxd6 18. Ne4 Qd8 19. Rc5 Kh8 20. Rac1
Na7 21. Nd2 Bxg2 22. Kxg2 f6 23. Qb3 Nb5 24. Ne4 f5 25. Nd2 Qf6 26. Nf3
Rae8 27. Qd5 e4 28. Ne5 Nc3 29. R1xc3 dxc3 30. d4 Rc8 31. Nd7 Qd8 32. Rxc8
Qxc8 33. Nxf8 Qxf8 34. Qc5 Qg8 35. Qxc3 Qa2 36. Qc8+ 1-0

[Event "8th ch-Euro"]
[Site "Dresden GER"]
[Date "2007.04.05"]
[Round "3"]
[White "Saric,Iv"]
[Black "Leiber,B"]
[Result "1-0"]
[WhiteElo "2469"]
[BlackElo "2172"]
[EventDate "2007.04.03"]

1. e4 c6 2. d4 d5 3. Nc3 dxe4 4. Nxe4 Bf5 5. Ng3 Bg6 6. h4 h6 7. Nf3 Nd7 8.
h5 Bh7 9. Bd3 Bxd3 10. Qxd3 Ngf6 11. Bd2 e6 12. O-O-O Qc7 13. Ne4 Nxe4 14.
Qxe4 Nf6 15. Qe2 Bd6 16. Rh4 O-O-O 17. Kb1 Rhe8 18. c4 c5 19. Bc3 cxd4 20.
Nxd4 Bc5 21. Nb5 Rxd1+ 22. Qxd1 Rd8 23. Qe2 Qb6 24. Be5 Rd7 25. Rf4 a6 26.
Nc3 Qc6 27. Qf3 Qxf3 28. Rxf3 Bd4 29. Bxf6 Bxf6 30. Kc2 Rd4 31. b3 Rg4 32.
g3 Bxc3 33. Kxc3 f6 34. Rf4 Rg5 35. Rh4 Kd7 36. b4 e5 37. a4 f5 38. c5 g6
39. hxg6 Rxg6 40. Kc4 Ke6 41. b5 axb5+ 42. axb5 Rf6 43. b6 Kd7 44. Kd5 e4
45. Rf4 1-0

[Event "8th ch-Euro"]
[Site "Dresden GER"]
[Date "2007.04.05"]
[Round "3"]
[White "Janda,Z"]
[Black "Wippermann,T"]
[Result "0-1"]
[WhiteElo "2180"]
[BlackElo "2403"]
[EventDate "2007.04.03"]

1. c4 g6 2. Nc3 Bg7 3. d4 c5 4. d5 Bxc3+ 5. bxc3 f5 6. Nf3 d6 7. Qc2 Nf6 8.
g3 Nbd7 9. Bg2 Qa5 10. Nd2 Nb6 11. O-O Bd7 12. f3 Qa4 13. Qd3 O-O-O 14. Rb1
Rhe8 15. Rb3 Qa6 16. Ra3 Ba4 17. e4 fxe4 18. fxe4 Kb8 19. Bh3 Nfd7 20. Bxd7
Nxd7 21. Nf3 Rf8 22. e5 Nxe5 23. Nxe5 dxe5 24. Rxf8 Rxf8 25. d6 Rd8 26. Qd5
exd6 27. Bg5 Rd7 28. Kf2 Kc7 29. Ke3 Bc6 30. Rxa6 Bxd5 31. Rxa7 Bxc4 32.
Ra8 Bd5 33. a4 Rf7 34. Ke2 Be6 35. Be3 Bc8 36. a5 Rf5 37. h4 h5 38. Bg5 Rf7
39. Be3 Rf8 40. Bh6 Bg4+ 0-1

[Event "8th ch-Euro"]
[Site "Dresden GER"]
[Date "2007.04.05"]
[Round "3"]
[White "Kaphle,St"]
[Black "Rahls,P"]
[Result "1/2-1/2"]
[WhiteElo "2128"]
[BlackElo "2336"]
[EventDate "2007.04.03"]

1. e4 c5 2. Nf3 e6 3. d4 cxd4 4. Nxd4 a6 5. Bd3 Nc6 6. Be3 Ne5 7. Be2 Nf6
8. Nd2 d5 9. f4 Nc6 10. e5 Nd7 11. O-O Nxd4 12. Bxd4 Bc5 13. Nb3 Bxd4+ 14.
Qxd4 Qb6 15. Bd3 Qxd4+ 16. Nxd4 Nc5 17. b4 Na4 18. Rf3 Bd7 19. c4 dxc4 20.
Bxc4 O-O 21. Bb3 Rad8 22. f5 exf5 23. Nxf5 Bxf5 24. Rxf5 Nc3 25. Raf1 Nd5
26. R5f3 g5 27. Rg3 b5 28. Rxg5+ Kh8 29. Rf3 Nxb4 30. Bxf7 Nc6 31. e6 Ne7
32. Ra3 Rd1+ 33. Kf2 Rd6 34. Ke3 Rc8 35. Rd3 Rxd3+ 36. Kxd3 Rc4 37. g3 Ra4
38. h4 h6 39. Rc5 Kg7 40. Rc3 b4 41. Rc7 Kf6 42. g4 Ra3+ 43. Ke4 Rg3 44.
Kf4 Nd5+ 45. Kxg3 Nxc7 46. g5+ hxg5 47. hxg5+ Ke7 48. Kf4 a5 49. Ke4 a4 50.
Kd3 Nxe6 51. Bxe6 Kxe6 52. Kc4 b3 53. axb3 axb3 54. Kxb3 1/2-1/2

[Event "8th ch-Euro"]
[Site "Dresden GER"]
[Date "2007.04.05"]
[Round "3"]
[White "Sowray,P"]
[Black "Geske,J"]
[Result "1/2-1/2"]
[WhiteElo "2325"]
[BlackElo "2139"]
[EventDate "2007.04.03"]

1. e4 e5 2. Nf3 Nc6 3. Bb5 a6 4. Ba4 Nf6 5. Qe2 b5 6. Bb3 Bc5 7. d3 d6 8.
c3 h6 9. Be3 Ba7 10. Nbd2 O-O 11. O-O Re8 12. h3 d5 13. Bxa7 Rxa7 14. a4 b4
15. a5 Bb7 16. Rfd1 Ra8 17. exd5 Nxd5 18. Ne4 Rb8 19. Qc2 bxc3 20. bxc3 Nf6
21. Nc5 Bc8 22. d4 exd4 23. cxd4 Nb4 24. Qc4 Nfd5 25. Re1 Bf5 26. Re5 Rxe5
27. dxe5 Qe7 28. Rd1 c6 29. Ba4 Qc7 30. Nd4 Qxe5 31. Nxc6 Nxc6 32. Rxd5
Rb1+ 33. Bd1 Qe1+ 34. Kh2 Rxd1 35. Rxf5 Ne5 36. Qxa6 g6 37. Rf4 Ra1 38.
Qa8+ Kg7 39. Qe4 Qxe4 40. Rxe4 Nc6 41. a6 Ra5 42. Rc4 Nb8 43. Ne6+ fxe6 44.
Rc7+ Kf6 45. a7 Nc6 46. Rxc6 Rxa7 47. g4 Ra5 48. Kg3 h5 49. Rc8 hxg4 50.
hxg4 g5 51. f3 Rb5 52. Rd8 Rb2 53. Rd3 Ra2 54. Rb3 1/2-1/2

[Event "8th ch-Euro"]
[Site "Dresden GER"]
[Date "2007.04.05"]
[Round "3"]
[White "Kostopoulos,E"]
[Black "Jorczik,J"]
[Result "0-1"]
[WhiteElo "2103"]
[BlackElo "2294"]
[EventDate "2007.04.03"]

1. e4 c6 2. d4 d5 3. Nc3 dxe4 4. Nxe4 Bf5 5. Ng3 Bg6 6. h4 h6 7. Nh3 e6 8.
Nf4 Bh7 9. Bc4 Nf6 10. O-O Bd6 11. Re1 O-O 12. Ngh5 Kh8 13. Nxf6 Qxf6 14.
g3 Bf5 15. c3 Nd7 16. Nh5 Qg6 17. Bf4 Be7 18. Kh2 Bg4 19. Be2 f5 20. Nxg7
Bxe2 21. Qxe2 Kxg7 22. Qxe6 Qxe6 23. Rxe6 Bf6 24. Rae1 h5 25. Bd6 Rfd8 26.
Kg2 Nf8 27. Bxf8+ Rxf8 28. Kf3 f4 29. gxf4 Bxh4 30. Rh1 Bg5 31. Rxh5 Bxf4
32. Ke2 Rae8 33. Rxe8 Rxe8+ 34. Kd1 Re7 35. b4 Kg6 36. Ra5 a6 37. Ra3 Kf5
38. Ra5+ Kg4 39. a4 Bc7 40. Rc5 Bb6 41. Rc4 Kf3 42. b5 cxb5 43. axb5 axb5
44. Rb4 Kxf2 45. Kc2 Rc7 46. Kd3 Ba5 47. Rxb5 Rxc3+ 48. Ke4 b6 49. d5 Rc4+
50. Kf5 Rb4 51. Rxb4 Bxb4 52. Ke4 Bd6 53. Kd4 b5 0-1

[Event "8th ch-Euro"]
[Site "Dresden GER"]
[Date "2007.04.05"]
[Round "3"]
[White "Peterson,Er"]
[Black "Kuehner,C"]
[Result "1/2-1/2"]
[WhiteElo "2302"]
[BlackElo "2135"]
[EventDate "2007.04.03"]

1. e4 c5 2. d4 cxd4 3. c3 dxc3 4. Nxc3 Nc6 5. Nf3 a6 6. Bc4 e6 7. O-O Nge7
8. Bg5 f6 9. Be3 b5 10. Bb3 Ng6 11. Nd4 Bb7 12. f4 Bc5 13. Nf5 Bxe3+ 14.
Nxe3 Qb6 15. Qd2 Na5 16. f5 Ne5 17. Kh1 Nxb3 18. axb3 O-O-O 1/2-1/2

[Event "8th ch-Euro"]
[Site "Dresden GER"]
[Date "2007.04.05"]
[Round "3"]
[White "Zesch,L"]
[Black "Baer,So"]
[Result "1-0"]
[WhiteElo "2287"]
[BlackElo "2121"]
[EventDate "2007.04.03"]

1. e4 e5 2. Nf3 Nc6 3. Bb5 Nf6 4. d3 Bc5 5. O-O d6 6. Be3 Bb6 7. Nbd2 O-O
8. Bxc6 bxc6 9. a4 Bg4 10. h3 Bh5 11. a5 Bxe3 12. fxe3 Rb8 13. b3 Nd7 14.
Qe1 Qe7 15. Qf2 d5 16. exd5 cxd5 17. e4 Bxf3 18. Nxf3 dxe4 19. dxe4 Nc5 20.
Rfd1 c6 21. Nd2 Rb4 22. c3 Rbb8 23. b4 Nd3 24. Qf1 Nf4 25. g3 Qg5 26. Kh2
Nh5 27. Qg2 Rbd8 28. Nc4 h6 29. Qf3 Rfe8 30. Nd6 Re7 31. Nf5 Red7 32. h4
Rd2+ 33. Kh3 Nf4+ 34. gxf4 R8d3 35. fxg5 Rxf3+ 36. Ng3 Rc2 37. Rac1 Re2 38.
gxh6 gxh6 39. Rf1 Rfe3 40. Rf6 h5 41. Rxc6 1-0

[Event "8th ch-Euro"]
[Site "Dresden GER"]
[Date "2007.04.05"]
[Round "3"]
[White "Magar,J"]
[Black "Eichner,S"]
[Result "0-1"]
[WhiteElo "2093"]
[BlackElo "2276"]
[EventDate "2007.04.03"]

1. e4 c5 2. Nf3 a6 3. c4 e6 4. d4 cxd4 5. Nxd4 Nf6 6. Nc3 Qc7 7. Be2 Bb4 8.
Qd3 b5 9. cxb5 Nxe4 10. O-O Nxc3 11. Bf3 Nd5 12. Bxd5 exd5 13. Qe2+ Kf8 14.
a3 axb5 15. Bg5 h6 16. Nxb5 Qc4 17. Qxc4 dxc4 18. axb4 Rxa1 19. Rxa1 Ba6
20. Bf4 Bxb5 21. Bxb8 Ke7 22. Re1+ Kf6 23. Bd6 Ra8 24. f4 Ra6 25. Be5+ Kf5
26. Bxg7 f6 27. Bf8 Ra2 28. Rd1 0-1

[Event "8th ch-Euro"]
[Site "Dresden GER"]
[Date "2007.04.05"]
[Round "3"]
[White "Giemsa,S"]
[Black "Johansen,P"]
[Result "1/2-1/2"]
[WhiteElo "2286"]
[BlackElo "2108"]
[EventDate "2007.04.03"]

1. d4 d5 2. Nf3 Nf6 3. c4 c6 4. e3 e6 5. Nbd2 Nbd7 6. Bd3 Bd6 7. O-O O-O 8.
e4 dxe4 9. Nxe4 Nxe4 10. Bxe4 Qc7 11. Re1 Rd8 12. Bg5 f6 13. Bh4 Nf8 14.
Qc2 g5 15. Bg3 Bxg3 16. hxg3 g4 17. Nd2 f5 18. Bd3 Rxd4 19. Nb3 Rd7 20. c5
Rf7 21. Bc4 Rf6 22. Nd4 Qf7 23. Re5 Kg7 24. Qc3 Qh5 25. Rae1 Kf7 26. Qe3
Qg6 27. Ne2 Bd7 28. Nf4 Qh6 29. Rd1 Re8 30. Rd6 Re7 31. b4 Ke8 32. Qd4 Ng6
33. Nxg6 Rxg6 34. Re1 Qf8 35. Re5 Qf6 36. a4 h5 37. b5 h4 38. gxh4 Qxh4 39.
bxc6 bxc6 40. g3 Qh6 41. Qb2 Rh7 42. Qb8+ Ke7 43. Rxd7+ Kxd7 44. Qd6+ Ke8
45. Qxc6+ Kf8 46. Qa8+ Kg7 47. Qxa7+ Kh8 48. Qa8+ Rg8 49. Qg2 Rd8 50. Re1
e5 51. Rxe5 Qf6 52. Rd5 Re8 53. Rd1 Re4 54. Bb5 Qe7 55. c6 Re1+ 56. Rxe1
Qxe1+ 57. Bf1 Qa5 58. Bb5 Qe1+ 59. Bf1 Qa5 60. Bb5 Qe1+ 61. Bf1 1/2-1/2

[Event "8th ch-Euro"]
[Site "Dresden GER"]
[Date "2007.04.05"]
[Round "3"]
[White "Hutchinson,N"]
[Black "Loew,G"]
[Result "0-1"]
[WhiteElo "2110"]
[BlackElo "2285"]
[EventDate "2007.04.03"]

1. e4 c5 2. Nf3 g6 3. c3 Bg7 4. d4 cxd4 5. Nxd4 Nc6 6. Be3 Nf6 7. Nd2 O-O
8. Bd3 d5 9. O-O Ng4 10. Nxc6 Nxe3 11. Nxd8 Nxd1 12. Raxd1 Rxd8 13. exd5
Rxd5 14. Bc4 Rc5 15. Bb3 Bf5 16. Rfe1 Rc7 17. Ne4 Rf8 18. Ng3 Bc8 19. Re3
h6 20. Red3 Be5 21. Rd8 Rxd8 22. Rxd8+ Kg7 23. Ne2 Bd7 24. f3 b5 25. Nc1 b4
26. cxb4 Rxc1+ 0-1

[Event "8th ch-Euro"]
[Site "Dresden GER"]
[Date "2007.04.05"]
[Round "3"]
[White "Grant,J"]
[Black "Almond,R"]
[Result "1-0"]
[WhiteElo "2283"]
[BlackElo "2109"]
[EventDate "2007.04.03"]

1. c4 e5 2. Nc3 d6 3. g3 g6 4. Bg2 Bg7 5. e4 Ne7 6. Nge2 Be6 7. d3 O-O 8.
O-O Nd7 9. b3 Rb8 10. d4 exd4 11. Nxd4 Nc6 12. Be3 Nxd4 13. Bxd4 a6 14. Nd5
Nf6 15. Rc1 Re8 16. Re1 Bd7 17. Qd2 Nxd5 18. cxd5 c5 19. dxc6 Bxc6 20. Rcd1
Bxd4 21. Qxd4 Qa5 22. Re2 Rbd8 23. Red2 Qa3 24. h4 h5 25. f4 Rd7 26. f5
Rde7 27. Qf6 Qc5+ 28. Kh2 Qe5 29. Rxd6 Qxf6 30. Rxf6 Kg7 31. Rdd6 Bxe4 32.
Bxe4 Rxe4 33. fxg6 Re2+ 34. Kh3 fxg6 35. Rxg6+ Kf7 36. Rh6 R8e7 37. Rxh5
Rxa2 38. Rh7+ Ke8 39. Rxe7+ Kxe7 40. Rb6 1-0

[Event "8th ch-Euro"]
[Site "Dresden GER"]
[Date "2007.04.05"]
[Round "3"]
[White "Nagatz,F"]
[Black "Pick,Stef"]
[Result "1-0"]
[WhiteElo "2276"]
[BlackElo "2067"]
[EventDate "2007.04.03"]

1. d4 g6 2. c4 Bg7 3. Nc3 e6 4. e4 Ne7 5. Be2 d6 6. h4 d5 7. exd5 exd5 8.
cxd5 Nxd5 9. Bg5 f6 10. Bd2 Nc6 11. h5 Nxc3 12. bxc3 Be6 13. Qb1 Qd7 14.
hxg6 Bf5 15. Qxb7 Rb8 16. Qa6 Bxg6 17. Nh3 O-O 18. Nf4 Bf7 19. Qd3 f5 20.
Qh3 Rfe8 21. Qxh7+ Kf8 22. O-O Rb2 23. Be3 Bxa2 24. Rxa2 1-0

[Event "8th ch-Euro"]
[Site "Dresden GER"]
[Date "2007.04.05"]
[Round "3"]
[White "Luechtemeier,P"]
[Black "Mayer,Frank2"]
[Result "1-0"]
[WhiteElo "2270"]
[BlackElo "2083"]
[EventDate "2007.04.03"]

1. Nf3 d5 2. d4 Nf6 3. c4 dxc4 4. e3 e6 5. Bxc4 c5 6. O-O a6 7. Bb3 b5 8.
a4 b4 9. Nbd2 Bb7 10. Qe2 Be7 11. dxc5 O-O 12. e4 Nc6 13. Rd1 Qc7 14. Nc4
Rad8 15. Bg5 Nd7 16. Bxe7 Nxe7 17. Nd6 Nxc5 18. Nxb7 Qxb7 19. Bc4 a5 20.
Re1 Ng6 21. g3 Qe7 22. h4 Qf6 23. e5 Qf5 24. Qe3 Rc8 25. Bb5 Rfd8 26. Rac1
Nb7 27. Rxc8 Rxc8 28. Ba6 Rc7 29. Qb6 Qxf3 30. Qxc7 1-0

[Event "8th ch-Euro"]
[Site "Dresden GER"]
[Date "2007.04.05"]
[Round "3"]
[White "Yaksin,O"]
[Black "Kleinert,J"]
[Result "1-0"]
[WhiteElo "2236"]
[BlackElo "2060"]
[EventDate "2007.04.03"]

1. d4 d5 2. Nf3 a6 3. g3 Nf6 4. Bg2 e6 5. O-O c5 6. dxc5 Bxc5 7. c4 Nc6 8.
cxd5 exd5 9. Bg5 Be6 10. Nc3 d4 11. Bxf6 Qxf6 12. Ne4 Qe7 13. Nxc5 Qxc5 14.
Rc1 Qb6 15. Ng5 Bxa2 16. Qa4 Bb3 17. Qa3 O-O-O 18. Ne4 Kb8 19. Nd6 Na5 20.
Nxb7 Nxb7 21. Rc6 Qb5 22. Rxa6 Rhe8 23. Bc6 Qc4 24. Bxe8 Qxe2 25. Ra8+ Kc7
26. Rc1+ Bc2 27. Rxc2+ Qxc2 28. Qe7+ Kb6 29. Rxd8 Qd1+ 30. Kg2 Nxd8 31.
Qxd8+ Kc5 32. Qc7+ Kb4 33. Qb6+ 1-0

[Event "8th ch-Euro"]
[Site "Dresden GER"]
[Date "2007.04.05"]
[Round "3"]
[White "Grigoryan Lyell,M"]
[Black "Nagel,B"]
[Result "1/2-1/2"]
[WhiteElo "2061"]
[BlackElo "2273"]
[EventDate "2007.04.03"]

1. e4 e6 2. d4 d5 3. exd5 exd5 4. Nf3 Bg4 5. Be2 Nc6 6. O-O Bd6 7. Bg5 f6
8. Bh4 Nge7 9. c3 Qd7 10. Nbd2 O-O-O 11. b4 Nf5 12. b5 Nce7 13. a4 Nxh4 14.
Nxh4 Bxe2 15. Qxe2 Rde8 16. Qd3 g5 17. Nhf3 g4 18. Nh4 Bf4 19. Nb3 Qd6 20.
g3 Bg5 21. Nf5 Nxf5 22. Qxf5+ Qe6 23. Qxe6+ Rxe6 24. Rfe1 Rhe8 25. Kf1 b6
26. Rxe6 Rxe6 27. Re1 Rxe1+ 28. Kxe1 Kb7 29. Na1 a5 30. Nc2 f5 31. Ke2 f4
32. Kd3 h5 33. c4 c6 34. cxd5 cxb5 35. axb5 fxg3 36. hxg3 Kc7 37. Na3 h4
38. gxh4 Bxh4 39. d6+ Kxd6 40. Nc4+ Kc7 41. Ne3 Bxf2 42. Nxg4 Bg3 43. Nf6
Bd6 44. Nd5+ Kb7 45. Nc3 Bb4 46. Nd5 Be1 47. Ke2 Bg3 48. Nc3 Bc7 49. Kd3
1/2-1/2

[Event "8th ch-Euro"]
[Site "Dresden GER"]
[Date "2007.04.05"]
[Round "3"]
[White "Armbrust,F"]
[Black "Chapman,Al"]
[Result "1-0"]
[WhiteElo "2261"]
[BlackElo "2069"]
[EventDate "2007.04.03"]

1. e4 c5 2. Nc3 e6 3. f4 a6 4. a4 b6 5. g3 Bb7 6. Bg2 Nf6 7. d3 d6 8. Nh3
Nbd7 9. O-O h5 10. Ng5 Be7 11. Qe2 e5 12. Nd1 Qc7 13. Ne3 h4 14. Nf5 Nh5
15. g4 Bxg5 16. fxg5 g6 17. gxh5 gxf5 18. Rxf5 Nf8 19. Be3 Bc8 20. Rf2 Be6
21. c3 Rg8 22. b4 Nh7 23. g6 fxg6 24. hxg6 Rxg6 25. Kh1 h3 26. Bxh3 Bxh3
27. Qh5 Qg7 28. Rg1 Nf8 29. Rxf8+ Qxf8 30. Rxg6 O-O-O 31. Qxh3+ Kb7 32. Qf5
cxb4 33. cxb4 Qe7 34. Bg5 1-0

[Event "8th ch-Euro"]
[Site "Dresden GER"]
[Date "2007.04.05"]
[Round "3"]
[White "Stips,F"]
[Black "Lubbe,N"]
[Result "0-1"]
[WhiteElo "1964"]
[BlackElo "2243"]
[EventDate "2007.04.03"]

1. e4 d5 2. exd5 Qxd5 3. Nc3 Qa5 4. d4 Nf6 5. Nf3 Bf5 6. Ne5 c6 7. g4 Be6
8. Bc4 Bxc4 9. Nxc4 Qc7 10. Qf3 Qd7 11. g5 Qxd4 12. gxf6 Qxc4 13. fxg7 Bxg7
14. Rg1 Bxc3+ 15. bxc3 Nd7 16. Rg4 Qd5 17. Qe3 Ne5 18. Re4 Rg8 19. f3 O-O-O
0-1

[Event "8th ch-Euro"]
[Site "Dresden GER"]
[Date "2007.04.05"]
[Round "3"]
[White "Bakker,S"]
[Black "Schiefner,R"]
[Result "0-1"]
[WhiteElo "2232"]
[BlackElo "2047"]
[EventDate "2007.04.03"]

1. d4 f5 2. g3 Nf6 3. Bg2 e6 4. Nf3 Be7 5. O-O O-O 6. b3 Qe8 7. Nbd2 h6 8.
Re1 Ne4 9. c4 Bb4 10. Bb2 g5 11. a3 Be7 12. Ne5 Nxd2 13. Qxd2 d6 14. Nd3
Nd7 15. e4 f4 16. f3 e5 17. dxe5 dxe5 18. Nxe5 Nxe5 19. Bxe5 Bc5+ 20. Bd4
Qd7 21. Rad1 Rd8 22. Bxc5 Qxd2 23. Rxd2 Rxd2 24. e5 Be6 25. Be7 Kf7 26. Bf6
Rg8 27. Rc1 c6 28. Bf1 g4 29. fxg4 Bxg4 30. Bh4 f3 31. Rc3 f2+ 32. Kg2 Ke6
33. Re3 c5 34. h3 Bd1 35. Bf6 h5 36. Rd3 Rxd3 37. Bxd3 Bxb3 38. Kxf2 b5 39.
Bh7 Rb8 40. Ke3 Bxc4 41. g4 hxg4 42. hxg4 Kd7 43. g5 Be6 44. Bb1 b4 45.
axb4 Rxb4 46. Bh7 a5 47. g6 a4 48. g7 Rb8 0-1

[Event "8th ch-Euro"]
[Site "Dresden GER"]
[Date "2007.04.05"]
[Round "3"]
[White "Schulz,M1"]
[Black "Marville,G"]
[Result "1-0"]
[WhiteElo "2274"]
[BlackElo "2020"]
[EventDate "2007.04.03"]

1. d4 d5 2. Bg5 f6 3. Bf4 Nc6 4. Nf3 Bf5 5. e3 g5 6. Bg3 Nb4 7. Na3 e6 8.
c3 Nc6 9. Nb5 Bd6 10. Nxd6+ cxd6 11. Qb3 Qd7 12. h4 g4 13. Nd2 Nge7 14. Qa3
Rd8 15. Be2 h5 16. b4 a6 17. O-O Rg8 18. b5 axb5 19. Bxb5 Kf7 20. c4 dxc4
21. e4 Bh7 22. d5 exd5 23. exd5 Nxd5 24. Bxc4 Nce7 25. Rfe1 Kg7 26. Qb3 Qc6
27. Rac1 Kh8 28. Bxd5 Qxd5 29. Rxe7 Qxd2 30. Rcc7 Bg6 31. Qe6 Qd4 32. Rxb7
d5 33. Kh2 Rgf8 34. Rh7+ Bxh7 35. Qe7 1-0